000 00658nam a2200289Ia 4500
005 20260324121542.0
008 008 260324s9999 xx 000 0 eng d
020 _a9780203519387
037 _aEBOOK
040 _aCRL
040 _beng
040 _cCRL
041 _2eng
041 _aeng
084 _qCRL
100 _aGavin Smith
_91162947
245 0 _aOpening the Black Box
245 4 _bThe Work of Watching
260 _bTaylor and Francis
260 _c2014
365 _a
365 _b240
856 _uhttp://www.taylorfrancis.com/books/9780203519387
942 _cEBOOK
999 _c1755140
_d1755140